ETOTO Quiz pod napięciem - uczestnicy - Statystyki

Ogólne statystyki
  • Ten quiz został rozwiązany 16 razy
  • Średni wynik to 9 z 21
Statystyki odpowiedzi
Odpowiedź % Poprawnych
3 Roman Kołtoń
100%
4 Tomasz Hajto
100%
2 Tomasz Smokowski
100%
1 Mateusz Borek
93%
18 Krzysztof Stanowski
86%
5 Michał Pol
86%
19 Wojciech Kowalczyk
79%
14 Bartek „Mietczyński” Szczęśniak
57%
15 Andrzej „Ajwen” Iwan
43%
6 Przemysław Rudzki
29%
7 Piotr Wołosik
14%
21 Wojciech Papuga
14%
20 Łukasz Brzeziński
7%
12 Widz Dawid
7%
16 Widz Dominik z Dębicy
7%
17 Widz Kamil z Dębicy
7%
8 Widz Maciek
7%
11 Widz Maciek
7%
9 Widz Marcin
7%
13 Widz Piotr
7%
10 Widz Wojtek
7%
Nie znaleziono quizów pasujących do podanych kryteriów
Rozkład punktacji
Procent ludzi z każdym wynikiem
Percentyl według liczby udzielonych odpowiedzi
Twoja historia wyników
Nie rozwiązałeś tego quizu